• 首页
  • 本馆介绍
  • 公告通知
  • 最新文献
  • 馆藏检索
  • 电子资源
  • 读者导购
  • 参考咨询
  • 我的图书馆
  • 登录
  • 详细信息显示
  • 放入我的书架
  • 预约/预借图书
  • 作者相关作品
  • 分类相关作品
  • 丛书相关作品
  • 出版社相关作品

书目信息

  • 表格格式
  • 工作单格式
  • 卡片格式
题名:
巴黎的鳞爪
    
 
作者: 徐志摩 著
分册:  
出版信息: 天津   天津人民出版社  2013
页数: 156页
开本: 23cm
丛书名: “再读徐志摩”丛书
单 册:
中图分类: I266.4
科图分类:
主题词: 游记--作品集--中国--现代
电子资源:
ISBN: 978-7-201-08030-7
000 00801nam0 2200265 450
001 351949
005 20161017152029.01
010    @a978-7-201-08030-7@dCNY29.00
100    @a20130717d2013 em y0chiy50 ea
101 0  @achi
102    @aCN@b120000
105    @ay z 000cy
106    @ar
200 1  @a巴黎的鳞爪@e徐志摩游记@f徐志摩著
210    @a天津@c天津人民出版社@d2013
215    @a156页@d23cm
225 2  @a“再读徐志摩”丛书
330    @a本书收录了徐志摩的游记作品。包括《雨后虹》、《印度洋上的秋思》、《杭州记游》、《我所知道的康桥》等。
410  0 @12001 @a“再读徐志摩”丛书
517 1  @a徐志摩游记
606 0  @a游记@x作品集@y中国@z现代
690    @aI266.4@v5
701  0 @a徐志摩@f(1897.1~1931.11)@4著
801  0 @aCN@bTANGWEI@c20161010
905    @b0897325-9@dI266.4@e1828@f5
    
    巴黎的鳞爪:徐志摩游记/徐志摩著.-天津:天津人民出版社,2013
    156页;23cm.-(“再读徐志摩”丛书)
    
    
    ISBN 978-7-201-08030-7:CNY29.00
    本书收录了徐志摩的游记作品。包括《雨后虹》、《印度洋上的秋思》、《杭州记游》、《我所知道的康桥》等。
●
相关链接 在E读中查询图书 在五车中查询图书 在当当中查询图书 在豆瓣中查询图书


正题名:巴黎的鳞爪     索取号:I266.4/1828         预约/预借

序号 登录号 条形码 馆藏地/架位号 状态 备注
1 0897325   208973253   第一样本阅览室/ [索取号:I266.4/1828] 在馆    
2 0897326   208973262   教育系资料室/ [索取号:I266.4/1828] 在馆    
3 0897327   208973271   教育系资料室/ [索取号:I266.4/1828] 在馆    
4 0897328   208973280   第二借阅区/ [索取号:I266.4/1828] 在馆    
5 0897329   208973299   第二借阅区/ [索取号:I266.4/1828] 在馆    
唐山师范学院图书馆 欢迎您!
大连网信软件有限公司© 版权所有